Urban ethnicity (Record no. 61011)

MARC details
000 -LEADER
fixed length control field 00556nam a2200157 a 4500
008 - FIXED-LENGTH DATA ELEMENTS--GENERAL INFORMATION
fixed length control field 120416s1974 ||||||||||||||||| || u
050 ## - LIBRARY OF CONGRESS CALL NUMBER
Classification number GN 395 Urb
100 ## - MAIN ENTRY--PERSONAL NAME
Personal name Cohen, Abner
245 10 - TITLE STATEMENT
Title Urban ethnicity
Statement of responsibility, etc. edited by Abner Cohen
260 ## - PUBLICATION, DISTRIBUTION, ETC.
Place of publication, distribution, etc. London
Name of publisher, distributor, etc. Tavistock
Date of publication, distribution, etc. [1974]
300 ## - PHYSICAL DESCRIPTION
Extent xiv, 391p.
350 ## - PRICE (NR) (BK AM CF MU VM SE) [OBSOLETE]
Price 0.00
650 ## - SUBJECT ADDED ENTRY--TOPICAL TERM
Topical term or geographic name entry element URBANIZATION--ASIA, WESTERN
650 ## - SUBJECT ADDED ENTRY--TOPICAL TERM
Topical term or geographic name entry element CITY PLANNING--ETHNICITY
995 ## - RECOMMENDATION 995 [LOCAL, UNIMARC FRANCE]
-- 0.00
-- CBU-MAIN LIBRARY (Kitwe)
-- 1
-- 11.00
-- 1
-- AVAILABLE
-- Main Library Open Access Collection
Holdings
Withdrawn status Lost status Source of classification or shelving scheme Damaged status Not for loan Home library Current library Shelving location Date acquired Total Checkouts Full call number Barcode Date last seen Price effective from Koha item type
          CBU-MAIN LIBRARY, KITWE. CBU-MAIN LIBRARY, KITWE.   11/30/2022   GN 395 Urb 000687 11/30/2022 11/30/2022 MONOGRAPH